| 000 | 00000nam 2200000za 4500 |
| 001 | 9.695219 |
| 003 | CaOODSP |
| 005 | 20240209132435 |
| 007 | cr ||||||||||| |
| 008 | 150407s1998 nkc|||||o f|0| 0 eng d |
| 040 | |aCaOODSP|beng |
| 043 | |an-cn--- |
| 086 | 1 |aC89-4/47-1998E-PDF |
| 110 | 2 |aAtlantic Canada Opportunities Agency. |
| 245 | 14|aThe state of small business and entrepreneurship in Atlantic Canada - 1998 |h[electronic resource]. |
| 250 | |a[5th ed.] |
| 260 | |aMoncton - New Brunswick : |bAtlantic Canada Opportunities Agency, |c1998. |
| 300 | |a113 p. : |bfigs., graphs, references, tables, photographs. |
| 500 | |a"Analyzes the dynamics of growth in overall employment and the number of businesses by employment size over the 1989-1995 period, and presents summarized versions of recent research studies on entrepreneurial start-up in Atlantic Canada, the impact of women entrepreneurs on the Atlantic economy, and regional competitiveness."--Page v. Funded under the Pan-Atlantic Entrepreneurship Development Program. |
| 500 | |aThe catalogue numbers (C89-4/47-1998E and C89-4/47-1998F) and ISBNs (0-662-27203-X and 0-662-83207-8) for the print edition have been incorrectly copied in this electronic publication. |
| 520 | 3 |aAnalyzes the dynamics of growth in overall employment and the number of businesses by employment size over the 1989-1995 period, and presents summarized versions of recent research studies on entrepreneurial start-up in Atlantic Canada, the impact of women entrepreneurs on the Atlantic economy, and regional competitiveness.--Page v |
| 590 | |a11-29-Supp|b2011-11-25 |
| 690 | 07|aEconomic development|2gcpds |
| 690 | 07|aSmall businesses|2gcpds |
| 775 | 08|tÉtat de la petite entreprise et de l'entrepreneurship dans la région de l'Atlantique - 1998 |w(CaOODSP)9.639365 |
| 776 | 0#|tState of small business and entrepreneurship in Atlantic Canada, 1998 |w(CaOODSP)9.647089 |
| 794 | |tThe state of small business and entrepreneurship - Atlantic Canada, 2005 |w(CaOODSP)9.687631 |
| 856 | 40|ahttp://publications.gc.ca|qPDF|s901 KB|uhttps://publications.gc.ca/collections/Collection/C89-4-47-1998E.pdf |